000
00327nam a22001337a 4500
008
181218b xxu||||| |||| 00| 0 eng d
020
_a
9780669331707
041
_a
eng
080
_2
2nd
_a
940
100
_a
16
101
_a
SHH
245
_a
The Enduring Vision A History of the American People
_c
Boyer,P.S
942
_2
udc
_c
BK
999
_c
53345
_d
53345